[Event "Bay Area op"]
[Site "Burlingame"]
[Date "2019.01.06"]
[Round "8"]
[White "Talyansky, Seth D"]
[Black "Arne, Mike"]
[Result "1/2-1/2"]
[WhiteElo "2201"]
[BlackElo "2124"]
[PlyCount "63"]
[EventDate "2019.01.01"]
[EventType "swiss"]
[EventRounds "9"]
[EventCountry "USA"]
[SourceTitle "CBM 188 Extra"]
[Source "ChessBase"]
[SourceDate "2019.02.26"]
[SourceVersion "1"]
[SourceVersionDate "2019.02.26"]
[SourceQuality "1"]

1. e4 e5 2. Nf3 Nc6 3. Bb5 Nf6 4. 0-0 Nxe4 5. Re1 Nd6 6. Nxe5 Nxe5 7. Rxe5+ Be7 8. Bd3 0-0 9. Nc3 Bf6 10. Re3 g6 11. Qf3 Bd4 12. Re2 Qf6 13. Qxf6 Bxf6 14. Nd5 Bd8 15. b3 Re8 16. Ba3 Rxe2 17. Bxe2 Ne8 18. Re1 d6 19. Bb5 Ng7 20. Ne7+ Kf8 21. Nxc8 Rxc8 22. Bd7 Ra8 23. Bb2 Bg5 24. d3 Rd8 25. Bg4 h5 26. Bh3 Bh6 27. Bd4 c5 28. Bf6 Re8 29. Rxe8+ Kxe8 30. Bc8 b6 31. Bb7 Ne6 32. Bc6+ 1/2-1/2

[Event "Bay Area op"]
[Site "Burlingame"]
[Date "2019.01.03"]
[Round "4"]
[White "Talyansky, Seth D"]
[Black "Ezra, Paul Chambers"]
[Result "0-1"]
[WhiteElo "2201"]
[BlackElo "2360"]
[PlyCount "48"]
[EventDate "2019.01.01"]
[EventType "swiss"]
[EventRounds "9"]
[EventCountry "USA"]
[SourceTitle "CBM 188 Extra"]
[Source "ChessBase"]
[SourceDate "2019.02.26"]
[SourceVersion "1"]
[SourceVersionDate "2019.02.26"]
[SourceQuality "1"]

1. e4 Nc6 2. d4 d6 3. Nf3 Nf6 4. Nc3 g6 5. Be2 Bg7 6. 0-0 0-0 7. d5 Nb8 8. h3 c6 9. Be3 b6 10. Qd2 Bb7 11. Rad1 Nbd7 12. Bd4 Nc5 13. Bxc5 bxc5 14. dxc6 Bxc6 15. e5 Ne8 16. b3 Rc8 17. Nb5 Qb6 18. exd6 exd6 19. a4 d5 20. c4 Nf6 21. cxd5 Bxd5 22. b4 cxb4 23. Qxb4 a6 24. Qd4 Qe6 0-1

[Event "Bay Area op"]
[Site "Burlingame"]
[Date "2019.01.01"]
[Round "1"]
[White "Kavutskiy, Konstantin"]
[Black "Talyansky, Seth D"]
[Result "1-0"]
[WhiteElo "2424"]
[BlackElo "2201"]
[PlyCount "69"]
[EventDate "2019.01.01"]
[EventType "swiss"]
[EventRounds "9"]
[EventCountry "USA"]
[SourceTitle "CBM 188 Extra"]
[Source "ChessBase"]
[SourceDate "2019.02.26"]
[SourceVersion "1"]
[SourceVersionDate "2019.02.26"]
[SourceQuality "1"]

1. d4 d5 2. c4 c6 3. Nf3 Nf6 4. e3 e6 5. Bd3 Nbd7 6. b3 Bb4+ 7. Bd2 Bd6 8. Nc3 0-0 9. 0-0 Re8 10. Qc2 Qe7 11. e4 dxc4 12. Bxc4 b5 13. Bd3 e5 14. Ne2 c5 15. dxc5 Nxc5 16. Bxb5 Rf8 17. Ng3 Qb7 18. Bd3 Bg4 19. Bg5 Nh5 20. Nxh5 Bxh5 21. Nd2 Rac8 22. Bc4 Ne6 23. Be3 Bb4 24. Qb2 Bxd2 25. Qxd2 Qxe4 26. Rfe1 Qg6 27. Kh1 Rcd8 28. Qa5 Nd4 29. Bxd4 exd4 30. Re5 Bg4 31. Rg5 Qf6 32. Rxg4 d3 33. Rd1 d2 34. Re4 Qxf2 35. Re2 1-0

[Event "Titled Tuesday intern op 17th April"]
[Site "Chess.com INT"]
[Date "2018.04.17"]
[Round "3"]
[White "Talyansky, Seth D"]
[Black "Gadimbayli, Abdulla Azar"]
[Result "0-1"]
[WhiteElo "2187"]
[BlackElo "2416"]
[PlyCount "58"]
[EventDate "2018.04.17"]
[EventType "swiss (blitz)"]
[EventRounds "10"]
[EventCountry "USA"]
[SourceTitle "EXT 2021"]
[Source "ChessBase"]
[SourceDate "2020.10.23"]
[SourceVersion "1"]
[SourceVersionDate "2020.10.23"]
[SourceQuality "1"]

1. e4 e6 2. d4 d5 3. Nc3 Bb4 4. exd5 exd5 5. Bd3 Ne7 6. Qh5 Nbc6 7. a3 Bxc3+ 8. bxc3 Qd6 9. Ne2 Be6 10. Bf4 Qd7 11. h3 Bf5 12. Bxf5 Nxf5 13. Bxc7 g6 14. Qf3 Qxc7 15. Qxd5 0-0 16. 0-0 Nce7 17. Qf3 Rac8 18. Rab1 b6 19. d5 Rfd8 20. Rfd1 Qc5 21. g4 Ng7 22. Nf4 g5 23. Nh5 Nxh5 24. gxh5 Nxd5 25. c4 Nf4 26. Rb5 Rxd1+ 27. Qxd1 Nxh3+ 28. Kh2 Qxc4 29. Rf5 Qh4 0-1

[Event "Titled Tuesday intern op 4th July"]
[Site "Chess.com INT"]
[Date "2017.07.04"]
[Round "8"]
[White "Talyansky, Seth D"]
[Black "Desmarais, Nicholas E"]
[Result "0-1"]
[WhiteElo "2202"]
[BlackElo "2083"]
[PlyCount "74"]
[EventDate "2017.07.04"]
[EventType "swiss (blitz)"]
[EventRounds "10"]
[EventCountry "USA"]
[SourceTitle "EXT 2021"]
[Source "ChessBase"]
[SourceDate "2020.10.23"]
[SourceVersion "1"]
[SourceVersionDate "2020.10.23"]
[SourceQuality "1"]

1. e4 e5 2. Nf3 Nc6 3. Bb5 f5 4. Nc3 fxe4 5. Nxe4 Nf6 6. Qe2 d5 7. Nxf6+ gxf6 8. d4 Bg7 9. dxe5 0-0 10. e6 Re8 11. Be3 Bxe6 12. 0-0 Qe7 13. Rfe1 Bg4 14. h3 Bh5 15. g4 Bg6 16. Qd2 Qf7 17. c3 a6 18. Bd3 Bxd3 19. Qxd3 Ne5 20. Qd1 f5 21. Ng5 Qg6 22. Qxd5+ Kh8 23. f4 h6 24. Bd4 Rad8 25. Qxb7 hxg5 26. Bxe5 Bxe5 27. Rxe5 Rxe5 28. Qxc7 Red5 29. Re1 R5d7 30. Qe5+ Qg7 31. Qxf5 gxf4 32. Qh5+ Kg8 33. g5 Rd5 34. Kf2 Qxg5 35. Rg1 Rd2+ 36. Kf3 R8d3+ 37. Ke4 Re3# 0-1

[Event "Titled Tuesday intern op 4th July"]
[Site "Chess.com INT"]
[Date "2017.07.04"]
[Round "9"]
[White "Tsiolakidis, Anastasios"]
[Black "Talyansky, Seth D"]
[Result "0-1"]
[WhiteElo "2298"]
[BlackElo "2202"]
[PlyCount "58"]
[EventDate "2017.07.04"]
[EventType "swiss (blitz)"]
[EventRounds "10"]
[EventCountry "USA"]
[SourceTitle "EXT 2021"]
[Source "ChessBase"]
[SourceDate "2020.10.23"]
[SourceVersion "1"]
[SourceVersionDate "2020.10.23"]
[SourceQuality "1"]

1. e4 e5 2. Nf3 Nc6 3. Bb5 a6 4. Bxc6 dxc6 5. 0-0 Bg4 6. h3 h5 7. Nc3 Qf6 8. d3 Bxf3 9. Qxf3 Qxf3 10. gxf3 Bd6 11. f4 exf4 12. d4 g5 13. e5 Be7 14. h4 f6 15. Ne4 fxe5 16. dxe5 gxh4 17. Bxf4 Nh6 18. Rfe1 Nf5 19. Rad1 Rd8 20. e6 Rg8+ 21. Kh2 Rxd1 22. Rxd1 Rg4 23. Rd7 Rxf4 24. f3 Nd6 25. Nc5 Rc4 26. b4 Rxb4 27. Rxc7 Rc4 28. Rd7 Rxc5 29. Rc7 Rxc2+ 0-1

[Event "Wisconsin Int"]
[Site "Madison"]
[Date "2017.06.15"]
[Round "4"]
[White "Talyansky, Seth D"]
[Black "Nakar, Eylon"]
[Result "1/2-1/2"]
[WhiteElo "2198"]
[BlackElo "2476"]
[PlyCount "151"]
[EventDate "2017.06.13"]
[EventType "swiss"]
[EventRounds "9"]
[EventCountry "USA"]
[SourceTitle "CBM 179 Extra"]
[Source "ChessBase"]
[SourceDate "2017.08.23"]
[SourceVersion "1"]
[SourceVersionDate "2017.08.23"]
[SourceQuality "1"]

1. e4 e5 2. Nf3 Nc6 3. Bb5 a6 4. Ba4 Nf6 5. 0-0 Be7 6. Re1 b5 7. Bb3 d6 8. c3 0-0 9. d3 Na5 10. Bc2 c5 11. Nbd2 Nc6 12. Nf1 Re8 13. Ng3 h6 14. h3 Be6 15. d4 cxd4 16. cxd4 exd4 17. Nxd4 Nxd4 18. Qxd4 Rc8 19. Bb3 d5 20. e5 Nd7 21. Be3 Bc5 22. Qf4 g5 23. Qf3 Nxe5 24. Qh5 Qf6 25. Qe2 Bxe3 26. Qxe3 Nc4 27. Nh5 Qg6 28. Bxc4 Qxh5 29. Bb3 Qg6 30. Qb6 Ra8 31. Rad1 Red8 32. Rd4 Qf5 33. Red1 Qe5 34. Qa5 Rd7 35. a4 bxa4 36. Bxa4 Rd6 37. b4 Rb8 38. Bb3 Rdb6 39. Qc5 Rb5 40. Qc6 R8b6 41. Qe8+ Kg7 42. Bxd5 Qf6 43. Bc6 Rxb4 44. Rd8 Kg6 45. Bf3 h5 46. Re1 g4 47. Be4+ Kh6 48. Qf8+ Qg7 49. Qc5 Rb8 50. Rxb8 Rxb8 51. h4 Qf6 52. Qd6 Rd8 53. Qxa6 Qxh4 54. Bf5 Qf6 55. Bxe6 Re8 56. Qa1 Qxa1 57. Rxa1 Rxe6 58. g3 f5 59. Ra5 Rf6 60. Kg2 f4 61. gxf4 Rxf4 62. Ra6+ Kg5 63. Ra5+ Kg6 64. Ra6+ Kg7 65. Ra7+ Kf6 66. Ra6+ Kg5 67. Ra5+ Kh4 68. Rb5 Ra4 69. Rc5 Ra2 70. Rb5 Ra6 71. Rc5 Rg6 72. Ra5 Rg5 73. Rxg5 Kxg5 74. f3 Kf4 75. fxg4 hxg4 76. Kf2 1/2-1/2

[Event "Wisconsin Int"]
[Site "Madison"]
[Date "2017.06.14"]
[Round "2"]
[White "Boros, Denes"]
[Black "Talyansky, Seth D"]
[Result "1-0"]
[WhiteElo "2450"]
[BlackElo "2198"]
[PlyCount "71"]
[EventDate "2017.06.13"]
[EventType "swiss"]
[EventRounds "9"]
[EventCountry "USA"]
[SourceTitle "CBM 179 Extra"]
[Source "ChessBase"]
[SourceDate "2017.08.23"]
[SourceVersion "1"]
[SourceVersionDate "2017.08.23"]
[SourceQuality "1"]

1. c4 e6 2. Nf3 d5 3. g3 dxc4 4. Qa4+ Nd7 5. Qxc4 a6 6. Bg2 b5 7. Qc6 Rb8 8. Qc2 c5 9. 0-0 Ngf6 10. d3 Bb7 11. a4 Be7 12. Nc3 Qb6 13. axb5 axb5 14. Qb3 Bc6 15. Bf4 Rc8 16. Nd2 c4 17. dxc4 Bxg2 18. Kxg2 Qc6+ 19. Kg1 bxc4 20. Qa4 0-0 21. Rfc1 e5 22. Be3 Ng4 23. Qxc6 Rxc6 24. Nd5 Bf6 25. Rxc4 Rxc4 26. Nxc4 Nxe3 27. Ncxe3 Rb8 28. Ra3 Nc5 29. Ng4 e4 30. b4 Ne6 31. Ndxf6+ gxf6 32. Nxf6+ Kg7 33. Nxe4 Rxb4 34. Nd6 Ng5 35. h4 Rb6 36. Nf5+ 1-0

[Event "Oregon-ch"]
[Site "Portland"]
[Date "2017.02.19"]
[Round "8"]
[White "Talyansky, Seth D"]
[Black "Smail, Benedict"]
[Result "1/2-1/2"]
[WhiteElo "2176"]
[BlackElo "2120"]
[PlyCount "143"]
[EventDate "2017.02.11"]
[EventType "tourn"]
[EventRounds "9"]
[EventCountry "USA"]
[SourceTitle "EXT 2024"]
[Source "ChessBase"]
[SourceDate "2023.10.10"]
[SourceVersion "1"]
[SourceVersionDate "2023.10.10"]
[SourceQuality "1"]

1. e4 c5 2. Nf3 d6 3. d4 cxd4 4. Nxd4 Nf6 5. Nc3 g6 6. Be2 Nc6 7. Nb3 Bg7 8. 0-0 0-0 9. Bg5 a5 10. a4 Nb4 11. f4 Qc7 12. Bh4 Be6 13. Nd4 Bc4 14. Bf2 Rac8 15. Re1 Bxe2 16. Qxe2 Qc4 17. Ndb5 Qxe2 18. Rxe2 Rc6 19. Rd1 Re8 20. h3 h5 21. e5 Nd7 22. exd6 e6 23. g4 hxg4 24. hxg4 Rc4 25. Bd4 Rec8 26. Kg2 Bxd4 27. Rxd4 Rxd4 28. Nxd4 Rc4 29. Rd2 Kf8 30. Kf3 Nf6 31. Ncb5 Ke8 32. b3 Rc8 33. c4 Kd7 34. g5 Ne8 35. Ke2 Rc5 36. Nf3 Nc6 37. Ke3 e5 38. Rd5 exf4+ 39. Kxf4 b6 40. Rxc5 bxc5 41. Nd2 Ng7 42. Ne4 Ne6+ 43. Ke3 Ne5 44. Nc7 Ng4+ 45. Kf3 Ne5+ 46. Ke3 Ng4+ 47. Kd2 Nd4 48. Kc3 Ne2+ 49. Kd2 Nd4 50. Kc3 Ne2+ 51. Kb2 Nd4 52. Na6 Ne6 53. Naxc5+ Nxc5 54. Nxc5+ Kxd6 55. Nb7+ Kc7 56. Nxa5 f6 57. gxf6 Nxf6 58. Kc3 g5 59. Kd4 g4 60. b4 g3 61. Ke3 Ne4 62. Kf3 Nc3 63. Kxg3 Nxa4 64. Kf4 Nc3 65. Ke5 Na2 66. b5 Kb6 67. Kd6 Nc3 68. c5+ Kxb5 69. c6 Kxa5 70. c7 Nb5+ 71. Kd7 Nxc7 72. Kxc7 1/2-1/2

[Event "Titled Tuesday intern op 6th Dec 2pm"]
[Site "Chess.com INT"]
[Date "2017.01.03"]
[Round "4"]
[White "Talyansky, Seth D"]
[Black "Le, Tuan Minh"]
[Result "1/2-1/2"]
[WhiteElo "2176"]
[BlackElo "2475"]
[PlyCount "131"]
[EventDate "2017.12.06"]
[EventType "swiss (blitz)"]
[EventRounds "9"]
[EventCountry "USA"]
[SourceTitle "EXT 2021"]
[Source "ChessBase"]
[SourceDate "2020.10.23"]
[SourceVersion "1"]
[SourceVersionDate "2020.10.23"]
[SourceQuality "1"]

1. e4 c5 2. Nf3 d6 3. d4 cxd4 4. Nxd4 Nf6 5. Nc3 g6 6. Be2 Bg7 7. 0-0 0-0 8. Bg5 Nc6 9. Nb3 a6 10. a4 Be6 11. Kh1 Rc8 12. f4 Na5 13. e5 Nxb3 14. cxb3 dxe5 15. Qxd8 Rfxd8 16. fxe5 Nd7 17. Bxe7 Re8 18. Bf6 Bxb3 19. Bf3 Bxf6 20. exf6 Rc7 21. Rac1 Nxf6 22. Bxb7 Rxb7 23. Rxf6 Be6 24. Rf2 Reb8 25. Rcc2 Rb4 26. h3 h5 27. Rcd2 Kg7 28. Kh2 a5 29. Rfe2 h4 30. Rf2 g5 31. Rfe2 Bf5 32. Re5 Kf6 33. Rxa5 Rxb2 34. Nd5+ Kg7 35. Rxb2 Rxb2 36. Ne3 Be4 37. Rxg5+ Kf6 38. Rg4 Ke5 39. Rxh4 f5 40. Kg3 Re2 41. Nc4+ Kd4 42. Nd6 Rxg2+ 43. Kf4 Rf2+ 44. Kg5 Ke5 45. Nxe4 fxe4 46. Rh8 Rg2+ 47. Kh5 e3 48. Re8+ Kf4 49. h4 Ra2 50. Rf8+ Ke4 51. Re8+ Kf3 52. Kg6 Rxa4 53. h5 Re4 54. Ra8 e2 55. Ra1 Re6+ 56. Kg7 Re7+ 57. Kg6 Rd7 58. Re1 Rd6+ 59. Kg7 Rd7+ 60. Kg6 Kf2 61. Rxe2+ Kxe2 62. h6 Kf3 63. h7 Rd8 64. Kg7 Kg4 65. h8Q Rxh8 66. Kxh8 1/2-1/2

[Event "Titled Tuesday intern op 6th Dec 2pm"]
[Site "Chess.com INT"]
[Date "2017.01.03"]
[Round "6"]
[White "Talyansky, Seth D"]
[Black "Stearman, Josiah P"]
[Result "0-1"]
[WhiteElo "2176"]
[BlackElo "2150"]
[PlyCount "64"]
[EventDate "2017.12.06"]
[EventType "swiss (blitz)"]
[EventRounds "9"]
[EventCountry "USA"]
[SourceTitle "EXT 2021"]
[Source "ChessBase"]
[SourceDate "2020.10.23"]
[SourceVersion "1"]
[SourceVersionDate "2020.10.23"]
[SourceQuality "1"]

1. e4 c5 2. Nf3 Nc6 3. Bb5 Na5 4. 0-0 a6 5. Be2 b5 6. d4 e6 7. a4 b4 8. c3 Bb7 9. dxc5 Bxc5 10. cxb4 Bxb4 11. Qd4 Bf8 12. Nc3 Nc6 13. Qd1 d6 14. Bg5 Be7 15. Bf4 Nf6 16. e5 dxe5 17. Nxe5 0-0 18. Nxc6 Bxc6 19. Rc1 Qa5 20. Bf3 Bxf3 21. Qxf3 Rad8 22. Rfe1 Bb4 23. Be5 Nd5 24. Qg3 f6 25. Nxd5 Qxd5 26. Bc7 Bxe1 27. Bxd8 Bd2 28. Rc7 Bh6 29. h4 Rxd8 30. Ra7 Qd1+ 31. Kh2 Qd4 32. Qf3 Qxa7 0-1

[Event "Titled Tuesday intern op 6th Dec 2pm"]
[Site "Chess.com INT"]
[Date "2016.12.06"]
[Round "7"]
[White "De Abreu, Roberto N"]
[Black "Talyansky, Seth D"]
[Result "1-0"]
[WhiteElo "2111"]
[BlackElo "2174"]
[PlyCount "79"]
[EventDate "2016.12.06"]
[EventType "swiss (blitz)"]
[EventRounds "9"]
[EventCountry "USA"]
[SourceTitle "EXT 2021"]
[Source "ChessBase"]
[SourceDate "2020.10.23"]
[SourceVersion "1"]
[SourceVersionDate "2020.10.23"]
[SourceQuality "1"]

1. d4 d5 2. c4 c6 3. Nf3 Nf6 4. Nc3 e6 5. g3 Nbd7 6. Bg2 dxc4 7. 0-0 Be7 8. e4 0-0 9. a4 a6 10. e5 Nd5 11. Ne4 b5 12. Bg5 a5 13. h4 b4 14. Bxe7 Qxe7 15. Nfg5 h6 16. Nf3 Ba6 17. Re1 Rab8 18. g4 c5 19. g5 h5 20. g6 fxg6 21. Nfg5 cxd4 22. Qxd4 Nf4 23. Ng3 Nxg2 24. Kxg2 Bb7+ 25. Kg1 Bd5 26. Qd2 Nc5 27. Re3 Nd3 28. Rxd3 cxd3 29. Qxd3 Qe8 30. Nxh5 Rf5 31. Ng3 Rxe5 32. Qd4 Rf5 33. Nxf5 gxf5 34. Qe5 Rc8 35. Rd1 Qh5 36. Rxd5 exd5 37. Qe6+ Kf8 38. Qxc8+ Ke7 39. Qc7+ Kf6 40. Qd6# 1-0

[Event "St Petersburg Summer op"]
[Site "St Petersburg"]
[Date "2016.08.23"]
[Round "7"]
[White "Turikov, Viktor"]
[Black "Talyansky, Seth D"]
[Result "0-1"]
[WhiteElo "2209"]
[BlackElo "1963"]
[PlyCount "95"]
[EventDate "2016.08.17"]
[EventType "swiss"]
[EventRounds "9"]
[EventCountry "RUS"]
[SourceTitle "CBM 174 Extra"]
[Source "ChessBase"]
[SourceDate "2016.10.10"]
[SourceVersion "1"]
[SourceVersionDate "2016.10.10"]
[SourceQuality "1"]

1. e4 e5 2. Bc4 Nf6 3. Nf3 Nxe4 4. Nc3 Nxc3 5. dxc3 Be7 6. Nxe5 0-0 7. Qh5 Qe8 8. 0-0 d6 9. Ng4 Be6 10. Bd3 f5 11. Qh3 Nc6 12. Re1 Qf7 13. Rxe6 Qxe6 14. Ne3 Qf6 15. Nxf5 g6 16. Nh6+ Kh8 17. Be3 Ne5 18. Ng4 Nxg4 19. Qxg4 Qg7 20. Qh3 Qf7 21. Rf1 Bf6 22. a4 Rae8 23. a5 c5 24. Qg4 a6 25. h4 Qe6 26. Qxe6 Rxe6 27. g3 Kg7 28. Kg2 Rfe8 29. Kf3 Rd8 30. Be2 Re7 31. Rd1 Rf8 32. Kg2 Be5 33. Bc4 Ree8 34. Bd5 Re7 35. Ra1 Rb8 36. Ra4 Ree8 37. Re4 Re7 38. b4 Bf6 39. Rc4 Re5 40. Bf3 b5 41. axb6 Rxb6 42. bxc5 dxc5 43. Bxc5 Rb2 44. Ba3 Rxc2 45. Rc7+ Kh8 46. Rc8+ Kg7 47. Bd6 Rf5 48. Rc7+ 0-1

[Event "Oregon-ch"]
[Site "Portland"]
[Date "2016.02.07"]
[Round "4"]
[White "Talyansky, Seth D"]
[Black "Seitzer, Phillip M"]
[Result "1/2-1/2"]
[WhiteElo "1840"]
[BlackElo "2085"]
[PlyCount "80"]
[EventDate "2016.02.06"]
[EventType "tourn"]
[EventRounds "9"]
[EventCountry "USA"]
[SourceTitle "EXT 2018"]
[Source "ChessBase"]
[SourceDate "2017.10.13"]
[SourceVersion "1"]
[SourceVersionDate "2017.10.13"]
[SourceQuality "1"]

1. e4 c5 2. Nf3 Nc6 3. Bb5 Nf6 4. e5 Nd5 5. 0-0 g6 6. c3 Bg7 7. d4 cxd4 8. cxd4 0-0 9. Nc3 Nc7 10. Be2 d6 11. Bf4 dxe5 12. Bxe5 Nxe5 13. dxe5 Be6 14. Qa4 Nd5 15. Nxd5 Qxd5 16. Rfd1 Qc5 17. Rac1 Qb6 18. b3 Rfd8 19. Qh4 Rxd1+ 20. Rxd1 Re8 21. Bc4 h6 22. Qe4 Bxc4 23. Qxc4 Rd8 24. Rxd8+ Qxd8 25. g3 Qd7 26. Kg2 e6 27. Qc5 b6 28. Qc3 Bf8 29. Qd4 Qxd4 30. Nxd4 Bc5 31. Nc6 b5 32. f4 Kf8 33. Kf3 Ke8 34. Ke4 Kd7 35. Nd4 a6 36. Nf3 Kc6 37. Ne1 Bg1 38. Nf3 Bf2 39. b4 Bb6 40. Nd4+ Kd7 1/2-1/2

[Event "Vancouver op"]
[Site "Vancouver"]
[Date "2015.08.22"]
[Round "3"]
[White "Talyansky, Seth D"]
[Black "Seitzer, Phillip M"]
[Result "0-1"]
[WhiteElo "2017"]
[BlackElo "2191"]
[PlyCount "60"]
[EventDate "2015.08.22"]
[EventType "swiss"]
[EventRounds "5"]
[EventCountry "USA"]
[SourceTitle "EXT 2017"]
[Source "ChessBase"]
[SourceDate "2016.10.25"]
[SourceVersion "1"]
[SourceVersionDate "2016.10.25"]
[SourceQuality "1"]

1. e4 c5 2. Nf3 Nc6 3. d4 cxd4 4. Nxd4 e5 5. Nb5 d6 6. N1c3 a6 7. Na3 Be7 8. g3 Nf6 9. Bg2 b5 10. Nd5 0-0 11. 0-0 Rb8 12. c3 Nxd5 13. exd5 Na5 14. Nc2 f5 15. f4 e4 16. Nd4 Bf6 17. g4 Qb6 18. Re1 Bxd4+ 19. cxd4 g6 20. gxf5 gxf5 21. b3 Bb7 22. Bb2 Bxd5 23. Re3 Rb7 24. Rg3+ Rg7 25. Rxg7+ Kxg7 26. Kf2 Qd8 27. Qh5 Kh8 28. Bxe4 fxe4 29. Qxd5 Qh4+ 30. Kg2 Qg4+ 0-1